| Tag |
First Indicator |
Second Indicator |
Subfields |
| LEADER |
00000cam a2200000 4500 |
| 001 |
in00000242621 |
| 005 |
20201128063234.0 |
| 008 |
750519s1905 nyuf 00010 eng d |
| 010 |
|
|
|a 05018330
|
| 035 |
|
|
|a (OCoLC)01343966
|
| 035 |
|
|
|9 ABB3469AM
|
| 040 |
|
|
|c ORL
|d TXA
|d UtOrBLW
|
| 049 |
|
|
|a TXAM
|c [850399]
|
| 050 |
0 |
0 |
|a S521
|b .D62
|
| 100 |
1 |
|
|a Dixon, Thomas,
|c Jr.,
|d 1864-1946.
|
| 245 |
1 |
4 |
|a The life worth living, a personal experience /
|c by Thomas Dixon, jr.; illustrated with photographs by the author.
|
| 264 |
|
1 |
|a New York :
|b Doubleday, Page & company,
|c 1905.
|
| 300 |
|
|
|a x pages, 1 ., 140 pages :
|b frontispiece, 31 plates
|
| 336 |
|
|
|a text
|b txt
|2 rdacontent
|
| 337 |
|
|
|a unmediated
|b n
|2 rdamedia
|
| 338 |
|
|
|a volume
|b nc
|2 rdacarrier
|
| 500 |
|
|
|a An account of country life in "tidewater Virginia."
|
| 650 |
|
0 |
|a Outdoor life.
|
| 999 |
|
|
|a MARS
|
| 999 |
f |
f |
|s 8743ad5c-7f3a-31f0-af54-78bb721de9a0
|i edff810f-6f0c-305c-93df-7441f179bd8b
|t 0
|
| 952 |
f |
f |
|p ric
|a Texas A&M University
|b Rellis Campus
|c Joint Library Facility
|d Remote Storage
|t 0
|e S521 .D62
|h Library of Congress classification
|i unmediated -- volume
|m A14805177485
|
| 998 |
f |
f |
|a S521 .D62
|t 0
|l Remote Storage
|